| 000 | 00347cam a2200133ua 4500 | ||
|---|---|---|---|
| 020 | _a81 7029 031 7 | ||
| 082 |
_a005.7565 _bSIM/DB |
||
| 100 |
_aSimpson, Alan . _91473 |
||
| 245 | _adBase lll PlusTM Programmers Referance Guide / | ||
| 250 | _a1 / | ||
| 260 |
_aNew Delhi : _bBPB Publications , _c1990. |
||
| 300 | _a1029 ; . | ||
| 942 | _cREF | ||
| 999 |
_c8665 _d8665 |
||